[Event "SEMI B047 email"]
[Site "SEMI email"]
[Date "2005.04.10"]
[Round "?"]
[White "Campbell, Clark"]
[Black "Saraceni, Alessandro"]
[Result "0-1"]
[WhiteElo "1645"]
[BlackElo "1000"]
[PlyCount "40"]
[EventDate "2005.04.10"]
[EventType "tourn (corr)"]
[EventRounds "6"]
[EventCountry "ITA"]
[SourceTitle "Corr 2008"]
[Source "ChessBase"]
[SourceDate "2008.06.24"]
[SourceVersion "1"]
[SourceVersionDate "2008.06.24"]
[SourceQuality "1"]

1. e4 e6 2. d4 d5 3. Nc3 Bb4 4. e5 c5 5. a3 Bxc3+ 6. bxc3 Ne7 7. Qg4 cxd4 8. Qxg7 Rg8 9. Qxh7 Qc7 10. Ne2 Nbc6 11. Bf4 Bd7 12. Qd3 dxc3 13. Nxc3 Nxe5 14. Qe3 Nd3+ 15. Bxd3 Qxc3+ 16. Ke2 Rxg2 17. Bg3 Bc6 18. h4 d4 19. Qg5 Nf5 20. Qg8+ Ke7 0-1